000 00417nam a2200169Ia 4500
001 54212
008 140505s9999 xx 000 0 und d
020 _aNA
040 _cPK-LaUMT
082 _a 348.5491022
_bGAN-I
100 _aGandhi, B. M.
245 _aInterpretation of statutes
_cGandhi, B. M.
260 _aLahore,Pakistan:
_bIrfan Law Book House,
_c2013
300 _a211 p.
546 _aEN
942 _cBK
999 _c51620
_d51620